| 000 | 00715nam a2200253Ia 4500 | ||
|---|---|---|---|
| 003 | OSt | ||
| 005 | 20220912150745.0 | ||
| 006 | a|||||r|||| 00| 0 | ||
| 007 | ta | ||
| 008 | 220909b |||||||| |||| 00| 0 eng d | ||
| 024 | _a29417 | ||
| 037 | _cTextual | ||
| 040 |
_aCSL _beng _cCSL |
||
| 041 | _aeng | ||
| 082 | _aB280bD65,8(B):3, L8 | ||
| 100 | _aMoore R W | ||
| 245 | 0 | _aIntroduction to the use of computer packages for statistical anaysis | |
| 260 |
_aNew Jersey _b Prentice Hall _c1978 |
||
| 300 |
_axii,115p. _ccm. |
||
| 500 | _aAppendix 101-115p | ||
| 650 | _aStatistics-Computer science | ||
| 942 |
_hB280bD65,8(B):3, L8 _cTEXL _2CC |
||
| 999 |
_c54293 _d54293 |
||